| 000 | 01088nam a2200217Ia 4500 | ||
|---|---|---|---|
| 003 | Ost | ||
| 005 | 20260416102353.0 | ||
| 008 | 260416s9999||||xx |||||||||||||| ||und|| | ||
| 040 | _cfsecg | ||
| 041 | _aara | ||
| 082 | _a336 | ||
| 100 |
_aرياش، مبروك _eمؤلف |
||
| 245 | 0 |
_aمحاضرات في المالية العامة / _c مبروك رياش |
|
| 260 |
_aالجزائر _bجامعة الجزائر3: كلية العلوم الإقتصادية، العلوم التجارية وعلوم التسيير _c2017 |
||
| 300 |
_a116 ورقة _bايضاحات _c30 سم |
||
| 504 | _aمراجع ص.115 | ||
| 520 | _aمفهوم وتطور علم المالية العامة و المبادئ الأساسية للوازنة العمومية و الايرادات العمومية و القروض العمومية و النفقات العمومية. | ||
| 653 | _aالمالية العامة | ||
| 710 |
_aجامعة الجزائر3: كلية العلوم الإقتصادية، العلوم التجارية وعلوم التسيير _eناشر علمي |
||
| 942 | _cHANDOUT | ||
| 999 |
_c41081 _d41081 |
||